000 00521nam a2200193Ia 4500
005 20250923145849.0
008 008 250917s9999 xx 000 0 eng d
037 _aTextual
040 _aDSWL
_beng
_cDSWL
041 _aeng
_2eng
084 _aX:8M, N72
_qDSWL
100 _aShaw, Josephine
_9839700
245 0 _aOffice Practice
_c by Josephine Shaw
260 _aLondon
_b English University
_c1972
300 _aix,196p.
365 _aINR
942 _cTEXL
_hX:8M, N72
999 _c1456641
_d1456641